Statistics for Premier League Teams 23/24 - West Ham United

Click here to take the quiz!

General Stats

  • This quiz has been taken 30 times
  • The average score is 9 of 20

Answer Stats

QuestionAnswer% Correct
What is their nickname?The Hammers
100%
What is the name of their stadium?London Stadium
92%
Who is their head Coach?David Moyes
88%
Who is the chairman?David Sullivan
63%
What is the colour of their home kit?Claret and Blue
58%
Which team is their closest rival?Millwall
58%
How many top division titles have they won?0
54%
Which year did they win their most recent top division title?No Titles
54%
How many consecutive seasons in the top division?12
46%
Which company sponsors their kit?Betway
42%
What is their slogan?I'm forever blowing bubbles
42%
Their record home attendance was against Manchester United in 2023. How many were there? (To the nearest 1,000)64,472
29%
With 799 games, who has played the most for them?Billy Bonds
29%
Their oldest first team player was 41 years, 226 days. Who was it?Billy Bonds
29%
Who is the owner of the club? (If more than one owner, use the person/company with the majority stake)David Sullivan
29%
Their biggest loss was against Blackburn Rovers in 1963. What was the score?2–8
17%
With 326 goals, who is their record goal scorer?Vic Watson
17%
Their record cup win was 1–0 in 1983? Who was it against?Bury
4%
Their youngest first team player was only 16 years, 198 days. What was his name?Reece Oxford
4%
Their record league win was 8–0 in 1958 and 1968. Can you name one of their opponents?Rotherham
Sunderland
4%

Score Distribution

Percentile by Number Answered

Percent of People with Each Score

Your Score History

You have not taken this quiz